Top 22 biggest Dutch towns (2005) Quiz Stats

 Plays Quiz not verified by Sporcle

Challenge
Share
Tweet
Embed
Score 0/22 Timer 01:00
0 Plays Today
Town % Correct
Amsterdam
100%
Rotterdam
97.7%
's Gravenhage
85.1%
Utrecht
82.8%
Eindhoven
70.1%
Groningen
66.7%
Breda
64.4%
Arnhem
59.8%
Nijmegen
58.6%
Maastricht
56.3%
Enschede
54%
Town % Correct
Tilburg
52.9%
Haarlem
50.6%
's Hertogenbosch
46%
Almere
46%
Apeldoorn
40.2%
Zwolle
40.2%
Amersfoort
39.1%
Leiden
35.6%
Dordrecht
31%
Zoetermeer
19.5%
Ede
5.7%

You're not logged in!

Compare scores with friends on all Sporcle quizzes.
Join for Free
OR
Log In

You Might Also Like...

Show Comments

Extras

Top Quizzes Today


Score Distribution

Your Account Isn't Verified!

In order to create a playlist on Sporcle, you need to verify the email address you used during registration. Go to your Sporcle Settings to finish the process.

Report this User

Report this user for behavior that violates our Community Guidelines.

Details: